000 00629nam a22001817a 4500
003 BUBTL
008 200121b xxu||||| |||| 00| 0 eng d
020 _a978-9848858707
082 _a891.443 / M2891g
100 _92326
_aমজুমদার, সমরেশ
245 _aগর্ভধারিণী /
_cসমরেশ মজুমদার
260 _aঢাকা :
_bনবযুগ প্রকাশনী,
_cc2014.
300 _a511 p. :
_c22 cm.
650 0 _91687
_aবাংলা সাহিত্য
856 _k0
_l0
_yDownload
942 _2ddc
_cBK
999 _c6249
_d6249